000 00501nam a2200133Ia 4500
008 100328s9999 xx 000 0 und d
082 _b69668
100 _aवेल्हाळ मोहन.
245 _aहितोपदेश मनोरंजक कथा.
260 _bमेहता पब्लिशिंग हाऊस.
630 _aहितोपदेश मनोरंजक कथा.
730 _aहितोपदेश मनोरंजक कथा.
942 _cBOOK
999 _c555398
_d555395